El sistema económico de rosas : introducción a su estudio /
Guardado en:
| Autor Principal: | |
|---|---|
| Formato: | Libro |
| Publicado: |
Buenos Aires :
Sellarés ,
1962
|
| Materias: | |
| Etiquetas: |
Agregar Etiqueta
Sin Etiquetas, Sea el primero en etiquetar este registro!
|
| LEADER | 00665nam a22001695a 4500 | ||
|---|---|---|---|
| 001 | CEM.cems012253 | ||
| 005 | 20060906071022.0 | ||
| 008 | 130507s1962##################000#0#####d | ||
| 003 | CEMS | ||
| 082 | 0 | 4 | |a 982.03 |
| 100 | 1 | |a Bonura, Elena | |
| 245 | 1 | 0 | |a El sistema económico de rosas : |b introducción a su estudio / |c Elena Bonura |
| 260 | |a Buenos Aires : |b Sellarés , |c 1962 | ||
| 300 | |a 75 p. | ||
| 505 | 0 | |a La Aduana de Buenos Aires y el "sistema" de Rosas -- El plan de hacienda de Rosas (1835-1837) : un intento de retorno a la circulación metálica | |
| 653 | |a Historia argentina -- rosas, juan manuel | ||
| 859 | |a CEMS |b BIB. CEMS - 11 de abril |h 982.03 |i B644 |p 23173.05 |t Ej.1 | ||
